Concursantes Drag Race España - Estadísticas

Estadísticas generales
  • Esta prueba ha sido intentada 19 veces
  • La puntuación promedio es 46 de 58
Estadísticas de respuestas
Temporada Respuesta % Correcto
1 Arantxa Castilla La Mancha
100%
1 Pupi Poisson
100%
1 The Macarena
100%
1 Carmen Farala
94%
1 Dovima Nurmi
94%
2 Drag Sethlas
94%
1 Drag Vulcano
94%
1 Hugáceo Crujiente
94%
4 La Bella Vampi
94%
4 Le Cocó
94%
5 Margarita Kalifata
94%
1 Sagittaria
94%
3 Clover Bish
88%
5 Dafne Mugler
88%
4 Dita Dubois
88%
2 Estrella Xtravaganza
88%
1 Inti
88%
3 Kelly Roller
88%
1 Killer Queen
88%
5 Laca Udilla
88%
5 Nix
88%
5 Satín Greco
88%
3 Vania Vainilla
88%
2 Venedita Von Dash
88%
2 Juriji Der Klee
81%
5 Krystal Forever
81%
5 La Escándalo
81%
4 La Niña delantro
81%
2 Marina
81%
5 Nori
81%
3 Pitita
81%
2 Sharonne
81%
4 Angelita la Perversa
75%
5 Denébola Murnau
75%
2 Diamante Merybrown
75%
5 Eva Harrington
75%
5 Ferrxn
75%
4 Mariana Stars
75%
2 Marisa Prisa
75%
2 Onyx
75%
3 Pakita
75%
3 Pink Chadora
75%
5 Alexandra del Raval
69%
2 Ariel Rec
69%
3 Chanel Anorex
69%
4 Chloe Vittu
69%
3 Drag Chuchi
69%
3 María Edilia
69%
2 Samantha Ballentines
69%
4 Shani LaSanta
69%
3 Visa
69%
3 Bestiah
63%
3 Hornella Góngora
63%
2 Jota Carajota
63%
4 Kelly Passa!?
50%
4 Megui Yeillow
50%
4 Miss Khristo
50%
4 Porca Theclubkid
50%
No se encontraron pruebas coincidentes
Distribución de puntuación
Porcentaje de gente con cada puntuación
Porcentaje por número respondido
Historial de tus puntuaciones
No has intentado esta prueba.